| 000 | 00529nam a2200157Ia 4500 | ||
|---|---|---|---|
| 008 | 170221s9999 xx 000 0 und d | ||
| 100 | _aFangwei Wang | ||
| 245 | 2 | _aA Worm Defending Model with Partial Immunization and Its Stability Analysis | |
| 245 | _cFangwei Wang, Yong Yang, Dongmei Zhao, and Yunkai Zhang. | ||
| 260 | _bJournal of Communications | ||
| 260 | _c2014 | ||
| 300 | _a34 : 3 | ||
| 650 | _xCommunication | ||
| 650 | _xMedia Arts | ||
| 856 | _uhttp://www.jocm.us/index.php?m=content&c=index&a=lists&catid=145 | ||
| 999 |
_c310759 _d310759 |
||